• 首页
  • 本馆介绍
  • 公告通知
  • 最新文献
  • 馆藏检索
  • 电子资源
  • 读者导购
  • 参考咨询
  • 我的图书馆
  • 登录
  • 详细信息显示
  • 放入我的书架
  • 预约/预借图书
  • 作者相关作品
  • 分类相关作品
  • 丛书相关作品
  • 出版社相关作品

书目信息

  • 表格格式
  • 工作单格式
  • 卡片格式
题名:
中国京剧服装图谱
    
 
作者: 谭元杰 绘
分册:  
出版信息: 北京   北京工艺美术出版社  1992.2
页数: 331页
开本: 32开
丛书名:
单 册:
中图分类: J821.5
科图分类:
主题词: 戏剧--艺术--中国
电子资源:
ISBN: 7-80526-198-9
000 00586nam0 2200205 45
001 0110151769
005 20031219104051.2
010    @a7-80526-198-9@dCNY20.00
100    @a20011015d1992 km y0chiy0120 ea
101 0  @achi
105    @a z 000yy
200 1  @a中国京剧服装图谱@AZhong Guo Jing Ju Fu Zhuang Tu Pu@f谭元杰绘@FTan Yuan Jie Hui
205    @a修订本
210    @a北京@c北京工艺美术出版社@d1992.2
215    @a331页@c图@d32开
606 0  @a戏剧@x艺术@x中国
690    @aJ821.5@v4
701    @a谭元杰@4绘
801    @aCN@bTSTC@c20011015
905    @f2@b299720-721@dJ821.5@e46=2
    
    中国京剧服装图谱/谭元杰绘.-修订本.-北京:北京工艺美术出版社,1992.2
    331页:图;32开
    
    
    ISBN 7-80526-198-9:CNY20.00
    
●
相关链接 在E读中查询图书 在五车中查询图书 在当当中查询图书 在豆瓣中查询图书


正题名:中国京剧服装图谱     索取号:J821.5/46=2         预约/预借

序号 登录号 条形码 馆藏地/架位号 状态 备注
1 0299720   202997203   第一借阅区/ [索取号:J821.5/46=2] 在馆    
2 0299721   202997212   第一样本阅览室/ [索取号:J821.5/46=2] 在馆    
唐山师范学院图书馆 欢迎您!
大连网信软件有限公司© 版权所有